000 00894nam a22001337a 4500
040 _cRUA
082 _aAVM CHR 2011 B097 Or.1
100 _aCHRENG, LIS.
245 _aStudy on growth rate of avian broiler by supplement of combination of earthworm with rice bran on c.p feed at experimental station of royal university of agriculture, សិក្សាលើការលូតលាស់របស់មាន់សាច់ពូជ avian ដោយបន្ថែមជន្លេនលាយជាមួយកន្ទក់ទៅលើចំណី c.p នៅស្ថានីយ៏ពិសោធន៏សត្វនៃសាកលវិទ្យាល័យភូមិន្ទកសិកម្ម
260 _aPhnom Penh
_bRUA
_c2011
300 _axi; 41p.
_bill.
_c29cm.
856 _uhttps://drive.google.com/file/d/1_m8AWquUsmw3gQzXjgI63nxloxuy735z/view?usp=sharing
942 _cAVM
999 _c2475
_d2475